Biblioteca ESET

Los dias de la revolucion | Una Historia de Argentina : Cuando no era Argentina (1806-1820) (Registro nro. 1301)

Detalles MARC
000 -CABECERA
fixed length control field 00848nam a22002297a 4500
003 - CONTROL NUMBER IDENTIFIER
control field AR-BeUNQ
005 - FECHA Y HORA DE LA ULTIMA TRANSACCION
control field 20250613122502.0
008 - ELEMENTOS DE LONGITUD FIJA-INFORMACION GENERAL
fixed length control field 250613b19672023spabb|||ro||| 00| 0 spa |
040 ## - FUENTE DE CATALOGACION
Agencia de catalogación original AR-BeUNQ
Idioma de catalogación ESPAÑOL
Agencia que realiza la transcripción AR-BeUNQ
Convenciones de la descripción aacr
082 ## - NUMERO DE CLASIFICACION DECIMAL DEWEYMBER
Número de la edición 21
Número de clasificación Ar982 SAC
100 10 - ASIENTO PRINCIPAL-NOMBRE PERSONAL
Nombre personal Sacheri, Eduardo
Títulos u otras palabras asociadas al nombre aut.
Fecha asociada al nombre 1967
245 ## - MENCION DE TITULO
Título Los dias de la revolucion
Otra información sobre el título Una Historia de Argentina : Cuando no era Argentina (1806-1820)
Mención de responsabilidad, etc Eduardo Sacheri.
Medio físico libro.
250 ## - MENCION DE EDICION
Mención de edición 1a.ed
260 ## - PUBLICACION, DISTRIBUCION, ETC.
Lugar de publicación, distribución, etc. Ciudad Autónma de Buenos Aires :
Nombre del editor, distribuidor, etc. Alfaguara,
Fecha de publicación, distribución, etc 2023
300 ## - DESCRIPCION FISICA
Extensión 288 p. ;
Otros detalles físicos il. ;
Dimensiones 24x15 cm
490 ## - MENCION DE SERIE
Mención de serie identidades Bonaerenses
504 ## - NOTA DE BIBLIOGRAFIA, ETC.
Nota de bibliografía, etc. Contiene recomendaciones bibliográficas
650 ## - ASIENTO SECUNDARIO DE MATERIA - TERMINO TEMATICO
Fuente del encabezamiento o términ tell
Término temático o nombre geográfico como elemento de entrada Historia
651 ## - ASIENTO SECUNDARIO DE MATERIA - NOMBRE GEOGRAFICO
Fuente del encabezamiento o término unesscot
Nombre geográfico Argentina
929 ## - DATOS DE ADQUISICION
Procedencia DONACION
Proveedor Ministerio de Educacion de la Privincia de Buenos Aires
Orden de compra 0
Precio 0
Fecha de recibido 0+/11/2023
Patrimonio UNQ PAT0082571
Número de inventario 63148
942 ## - ELEMENTOS DE PUNTO DE ACCESO ADICIONAL (KOHA)
Tipo de ítem Koha Libros
Existencias
Estado de retiro Estado de pérdida Ubicación permanente Ubicación actual Ubicación en estantería Fecha de ingreso Total Checkouts Signatura topográfica completa Date last seen Tipo de ítem Koha Operador
    Biblioteca ESET - UNQ Biblioteca ESET - UNQ CIRCULACION 05/11/2021   Ar 982 SAC 13/06/2025 Libros Gladys Alarcon

ESET UNQ

☏ 4365-7188
 Avenida República de Francia 1714 entre Doctor Kenny y Concordia, Ezpeleta, Bs As.
✉ secretaria_eset@unq.edu.ar

Con tecnología Koha